[Event "Urmai Sardaran op 4th"]
[Site "Urmia"]
[Date "2015.07.24"]
[Round "4"]
[White "Asadi, Ali"]
[Black "Mousavi, Seyed Khalil"]
[Result "0-1"]
[WhiteElo "2104"]
[BlackElo "2422"]
[PlyCount "90"]
[EventDate "2015.07.22"]
[EventType "swiss"]
[EventRounds "9"]
[EventCountry "IRI"]
[SourceTitle "EXT 2016"]
[Source "ChessBase"]
[SourceDate "2015.10.08"]
[SourceVersion "1"]
[SourceVersionDate "2015.10.08"]
[SourceQuality "1"]

1. e4 c5 2. Nf3 e6 3. d4 cxd4 4. Nxd4 Nf6 5. Bd3 Nc6 6. Nxc6 bxc6 7. 0-0 d5 8. Qe2 Be7 9. Bg5 h6 10. Bh4 Nd7 11. Bxe7 Qxe7 12. c4 d4 13. e5 Rb8 14. b3 Nc5 15. Bc2 0-0 16. Nd2 Rd8 17. Be4 Nxe4 18. Nxe4 c5 19. Rad1 Bb7 20. Rd3 Bxe4 21. Qxe4 a5 22. Rg3 a4 23. Rd1 axb3 24. axb3 Rf8 25. Rdd3 f5 26. Qf4 Kh7 27. h4 Ra8 28. h5 Ra1+ 29. Kh2 Re1 30. Rg6 Re4 31. Qd2 Rxe5 32. Rdg3 Rf7 33. b4 cxb4 34. Qxd4 Re4 35. Qb6 Qh4+ 36. Rh3 Qf4+ 37. Rhg3 Qh4+ 38. Rh3 Qf4+ 39. Rhg3 Qe5 40. Qd8 Rg4 41. R6xg4 fxg4 42. Qd3+ Kg8 43. Qg6 Rxf2 44. Qxg4 Rf5 45. Qd1 Rxh5+ 0-1

[Event "Urmai Sardaran op 4th"]
[Site "Urmia"]
[Date "2015.07.23"]
[Round "3"]
[White "Asadi, Ali"]
[Black "Tari, Aryan"]
[Result "1/2-1/2"]
[WhiteElo "2104"]
[BlackElo "2499"]
[PlyCount "87"]
[EventDate "2015.07.22"]
[EventType "swiss"]
[EventRounds "9"]
[EventCountry "IRI"]
[SourceTitle "EXT 2016"]
[Source "ChessBase"]
[SourceDate "2015.10.08"]
[SourceVersion "1"]
[SourceVersionDate "2015.10.08"]
[SourceQuality "1"]

1. e4 e5 2. Nf3 Nc6 3. Bb5 a6 4. Ba4 Nf6 5. d4 exd4 6. 0-0 Be7 7. e5 Ne4 8. Nxd4 0-0 9. Re1 Nc5 10. Bxc6 dxc6 11. Nc3 Re8 12. Be3 Bf8 13. Qh5 g6 14. Qg5 Qxg5 15. Bxg5 Bg7 16. f4 a5 17. Bf6 Bxf6 18. exf6 Bd7 19. Kf2 b5 20. a3 Nb7 21. Nf3 Bf5 22. Nd4 Bd7 23. Nf3 Be6 24. b4 Nd6 25. Ne5 Bd5 26. g4 Ra6 27. Nd3 Rea8 28. Re7 Bc4 29. Nc5 R6a7 30. Rae1 h6 31. R1e3 axb4 32. axb4 Ra1 33. Rxc7 Rf1+ 34. Kg3 g5 35. fxg5 hxg5 36. N3e4 Rg1+ 37. Kf2 Raa1 38. Ng3 Bd5 39. Re2 Rg2+ 40. Ke3 Nc4+ 41. Kd4 Rd1+ 42. Nd3 Rxe2 43. Nxe2 Rf1 44. Nc3 1/2-1/2